<?xml version="1.0" encoding="UTF-8"?><?xml-stylesheet type="text/xsl" href="static/style.xsl"?><OAI-PMH xmlns="http://www.openarchives.org/OAI/2.0/" xmlns:xsi="http://www.w3.org/2001/XMLSchema-instance" xsi:schemaLocation="http://www.openarchives.org/OAI/2.0/ http://www.openarchives.org/OAI/2.0/OAI-PMH.xsd"><responseDate>2026-04-17T03:05:27Z</responseDate><request verb="GetRecord" identifier="oai:www.recercat.cat:2117/17924" metadataPrefix="marc">https://recercat.cat/oai/request</request><GetRecord><record><header><identifier>oai:recercat.cat:2117/17924</identifier><datestamp>2025-07-16T23:33:40Z</datestamp><setSpec>com_2072_1033</setSpec><setSpec>col_2072_452950</setSpec></header><metadata><record xmlns="http://www.loc.gov/MARC21/slim" xmlns:dcterms="http://purl.org/dc/terms/" xmlns:xsi="http://www.w3.org/2001/XMLSchema-instance" xmlns:doc="http://www.lyncode.com/xoai" xsi:schemaLocation="http://www.loc.gov/MARC21/slim http://www.loc.gov/standards/marcxml/schema/MARC21slim.xsd">
   <leader>00925njm 22002777a 4500</leader>
   <datafield ind2=" " ind1=" " tag="042">
      <subfield code="a">dc</subfield>
   </datafield>
   <datafield ind2=" " ind1=" " tag="720">
      <subfield code="a">Cares, Carlos</subfield>
      <subfield code="e">author</subfield>
   </datafield>
   <datafield ind2=" " ind1=" " tag="720">
      <subfield code="a">Franch Gutiérrez, Javier</subfield>
      <subfield code="e">author</subfield>
   </datafield>
   <datafield ind2=" " ind1=" " tag="720">
      <subfield code="a">Mayol Sarroca, Enric</subfield>
      <subfield code="e">author</subfield>
   </datafield>
   <datafield ind2=" " ind1=" " tag="720">
      <subfield code="a">Quer, Carme</subfield>
      <subfield code="e">author</subfield>
   </datafield>
   <datafield ind2=" " ind1=" " tag="260">
      <subfield code="c">2011-01-17</subfield>
   </datafield>
   <datafield ind2=" " ind1=" " tag="520">
      <subfield code="a">Agent-oriented models are frequently used in disciplines such as agent-oriented requirements engineering, requirements&#xd;
engineering and organizational process modelling. i* is currently one of the most widespread notations used for this purpose. Due to both its dissemination and its highly strategic nature, instead of a single definition, several groups have formulated different variants, which define in a slightly different way the basic concepts of the language, as well as propose particular constructs that fit into the particular interests of these groups. In this chapter we first review these proposals and then we present a reference model that establishes the concepts and relationships that are&#xd;
fundamental in i*. The reference model is expressed as a UML class diagram (with&#xd;
OCL constraints) together with a vocabulary of the presented terms. Most of the included concepts are common to the seminal i* proposal, the GRL and the diverse variations used in the context of the Tropos methodology. For those concepts that are not shared by these analysed variants, the reference model tries to reconcile the different views whenever possible. The reference model allows determining the differences of any existing i* variant with respect to the model, and also to know how&#xd;
much different a new variant would be from the core of i*. The variants can be expressed by applying some refactoring operations on the UML class diagram. We&#xd;
illustrate this situation by applying refactoring to some of the analysed proposals.</subfield>
   </datafield>
   <datafield ind2=" " ind1=" " tag="520">
      <subfield code="a">Postprint (published version)</subfield>
   </datafield>
   <datafield tag="653" ind2=" " ind1=" ">
      <subfield code="a">Àrees temàtiques de la UPC::Informàtica::Enginyeria del software</subfield>
   </datafield>
   <datafield tag="653" ind2=" " ind1=" ">
      <subfield code="a">Requirements engineering</subfield>
   </datafield>
   <datafield tag="653" ind2=" " ind1=" ">
      <subfield code="a">Object-oriented methods (Computer science)</subfield>
   </datafield>
   <datafield tag="653" ind2=" " ind1=" ">
      <subfield code="a">Mètodes orientats a l'objecte (Informàtica)</subfield>
   </datafield>
   <datafield tag="653" ind2=" " ind1=" ">
      <subfield code="a">Programari -- Desenvolupament</subfield>
   </datafield>
   <datafield ind2="0" ind1="0" tag="245">
      <subfield code="a">A reference model for i*</subfield>
   </datafield>
</record></metadata></record></GetRecord></OAI-PMH>